English unlimited: Intermediate. Self-study pack. Workbook with DVD-ROM. B1 Plus
Saved in:
| Main Authors: | , |
|---|---|
| 格式: | 圖書 |
| 語言: | 英语 |
| 出版: |
Cambridge
Cambridge University Press
2011
|
| 主題: | |
| 標簽: |
添加標簽
沒有標簽, 成為第一個標記此記錄!
|
MARC
| LEADER | 00000cam a2200000 a 4500 | ||
|---|---|---|---|
| 001 | UCG8538 | ||
| 003 | CL-VaPUC | ||
| 008 | 111216e20110000UK |||||||||||||||||eng|d | ||
| 020 | |a 9780521151825 | ||
| 082 | 0 | 4 | |a 428 |b BAI |2 21 |
| 100 | 0 | |a Baigent, Maggie |e author |9 559603 | |
| 700 | 0 | |a Robinson, Nick |e author |9 559604 | |
| 245 | 1 | 0 | |a English unlimited: Intermediate. Self-study pack. Workbook with DVD-ROM. B1 Plus |
| 300 | |a 76 p | ||
| 942 | |c BK | ||
| 945 | |d 20111216 00:00:00 |a dcastane | ||
| 260 | |a Cambridge |b Cambridge University Press |c 2011 | ||
| 500 | |a Incluye DVD con material complementario | ||
| 650 | 0 | |a Educación lingüística |9 306506 | |
| 650 | 0 | |a Enseñanza del inglés |9 367340 | |
| 650 | 0 | |a Inglés |9 260023 | |
| 650 | 0 | |a Métodos de enseñanza |9 270413 | |
| 583 | |a last modification |c 20111216 11:30:00 |k Rodrigo Vera | ||
| 999 | |c 346145 |d 346143 | ||
| 952 | |0 0 |1 0 |4 0 |6 428_000000000000000_BAI_2011 |7 0 |8 ? |9 446690 |a FDOILP |b FDOILP |d 2019-11-22 |i 4815750 |o 428 BAI 2011 |p 4815750 |r 2019-11-22 |w 2019-11-22 |y BK |k ILP | ||